<?xml version="1.0" encoding="UTF-8"?>
<record
    xmlns:xsi="http://www.w3.org/2001/XMLSchema-instance"
    xsi:schemaLocation="http://www.loc.gov/MARC21/slim http://www.loc.gov/standards/marcxml/schema/MARC21slim.xsd"
    xmlns="http://www.loc.gov/MARC21/slim">

  <leader>02700cam a2200349 i 4500</leader>
  <controlfield tag="001">10045034</controlfield>
  <controlfield tag="003">CaAEU</controlfield>
  <controlfield tag="005">20250905085459.0</controlfield>
  <controlfield tag="006">m     o  d        </controlfield>
  <controlfield tag="007">cr cnu---unuuu</controlfield>
  <controlfield tag="008">200608s2020    bcc     ob    001 0 eng  </controlfield>
  <datafield tag="015" ind1=" " ind2=" ">
    <subfield code="a">20200269399</subfield>
    <subfield code="2">can</subfield>
  </datafield>
  <datafield tag="020" ind1=" " ind2=" ">
    <subfield code="a">9781773271262</subfield>
  </datafield>
  <datafield tag="020" ind1=" " ind2=" ">
    <subfield code="a">9781773271279</subfield>
  </datafield>
  <datafield tag="035" ind1=" " ind2=" ">
    <subfield code="a">on1157209821</subfield>
  </datafield>
  <datafield tag="039" ind1=" " ind2=" ">
    <subfield code="a">exclude</subfield>
  </datafield>
  <datafield tag="040" ind1=" " ind2=" ">
    <subfield code="a">NLC</subfield>
    <subfield code="b">eng</subfield>
    <subfield code="e">rda</subfield>
    <subfield code="c">NLC</subfield>
    <subfield code="d">NLC</subfield>
    <subfield code="d">YDX</subfield>
    <subfield code="d">N$T</subfield>
    <subfield code="d">UKAHL</subfield>
    <subfield code="d">YDX</subfield>
    <subfield code="d">OCLCF</subfield>
    <subfield code="d">EBLCP</subfield>
    <subfield code="d">OCLCO</subfield>
    <subfield code="d">OCLCQ</subfield>
    <subfield code="d">OCLCO</subfield>
    <subfield code="d">AEU</subfield>
  </datafield>
  <datafield tag="042" ind1=" " ind2=" ">
    <subfield code="a">lac</subfield>
  </datafield>
  <datafield tag="050" ind1=" " ind2="4">
    <subfield code="a">HD9999.L852</subfield>
    <subfield code="b">R36 2020</subfield>
  </datafield>
  <datafield tag="100" ind1=" " ind2=" ">
    <subfield code="a">Rambourg, Erwan</subfield>
    <subfield code="e">author.</subfield>
    <subfield code="9">10819</subfield>
  </datafield>
  <datafield tag="245" ind1="1" ind2="0">
    <subfield code="a">Future luxe </subfield>
    <subfield code="b">: what's ahead for the business of luxury </subfield>
    <subfield code="c">/ Erwan Rambourg ; foreword by Franc&#x326;ois-Henri Pinault.</subfield>
  </datafield>
  <datafield tag="264" ind1=" " ind2="1">
    <subfield code="a">Vancouver ;</subfield>
    <subfield code="a">Berkeley :</subfield>
    <subfield code="b">Figure.1,</subfield>
    <subfield code="c">2020.</subfield>
  </datafield>
  <datafield tag="300" ind1=" " ind2=" ">
    <subfield code="a">1 online resource.</subfield>
  </datafield>
  <datafield tag="504" ind1=" " ind2=" ">
    <subfield code="a">Includes bibliographical references and index.</subfield>
  </datafield>
  <datafield tag="520" ind1=" " ind2=" ">
    <subfield code="a">"In Future Luxe: What's Ahead for the Business of Luxury, Erwan Rambourg identifies the major forces and emerging trends that are set to reshape luxury over the next decade. The expansion of Chinese consumption and the boost in women's spending power around the world will fuel continued growth in the industry--but even more importantly, fundamental changes are on the horizon. The younger generation is entering the luxury market, bringing new values and demands that will redefine the very meaning of luxury. The sector should expand in the realms of travel, health, leisure, even cannabis. For brands to resonate with these younger consumers they will have to develop substance beyond a high-quality product or a desirable logo. Greenwashing won't cut it--brands will need to take seriously issues like diversity, sustainability, and ethical production. To ensure his portrait of the industry has the depth and nuance of real-world experience, Rambourg interviews several CEOs from the largest groups and brands, including Kering, Cartier, Puma, and Moncler, in addition to drawing on his own observations from over two decades in luxury. Future Luxe is engaging, wise, and deeply informed, a vital read for those new to the industry as well as veterans planning for continued success."--</subfield>
    <subfield code="c">Provided by publisher.</subfield>
  </datafield>
  <datafield tag="588" ind1=" " ind2=" ">
    <subfield code="a">Description based on online resource; title from digital title page (viewed on September 01, 2020).</subfield>
  </datafield>
  <datafield tag="650" ind1=" " ind2="0">
    <subfield code="a">Luxury goods industry</subfield>
    <subfield code="x">Forecasting</subfield>
    <subfield code="9">23334</subfield>
  </datafield>
  <datafield tag="650" ind1=" " ind2="0">
    <subfield code="a">Luxuries</subfield>
    <subfield code="x">Marketing</subfield>
    <subfield code="x">Forecasting</subfield>
    <subfield code="9">23335</subfield>
  </datafield>
  <datafield tag="650" ind1=" " ind2="0">
    <subfield code="a">Consumption (Economics)</subfield>
    <subfield code="x">Forecasting</subfield>
    <subfield code="9">23336</subfield>
  </datafield>
  <datafield tag="856" ind1=" " ind2=" ">
    <subfield code="u">https://bibliotheque.tbs-education.fr/Default/doc/SYRACUSE/3398898/future-luxe-what-s-ahead-for-the-business-of-luxury-erwan-rambourg-foreword-by-francois-henri-pinaul</subfield>
  </datafield>
  <datafield tag="942" ind1=" " ind2=" ">
    <subfield code="2">lcc</subfield>
  </datafield>
  <datafield tag="952" ind1=" " ind2=" ">
    <subfield code="0">0</subfield>
    <subfield code="1">0</subfield>
    <subfield code="2">lcc</subfield>
    <subfield code="4">0</subfield>
    <subfield code="7">0</subfield>
    <subfield code="a">TBS</subfield>
    <subfield code="b">TBS</subfield>
    <subfield code="d">2025-09-05</subfield>
    <subfield code="l">0</subfield>
    <subfield code="r">2025-09-05</subfield>
    <subfield code="t">1</subfield>
    <subfield code="u">https://bibliotheque.tbs-education.fr/Default/doc/SYRACUSE/3398898/future-luxe-what-s-ahead-for-the-business-of-luxury-erwan-rambourg-foreword-by-francois-henri-pinaul</subfield>
    <subfield code="w">2025-09-05</subfield>
    <subfield code="y">EBOOK</subfield>
  </datafield>
  <datafield tag="999" ind1=" " ind2=" ">
    <subfield code="c">4909</subfield>
    <subfield code="d">4909</subfield>
  </datafield>
</record>
